Birth Name or Nickname? #1 - Statistics

General Stats
  • This quiz has been taken 30 times
  • The average score is 12 of 15
Answer Stats
Question Answer % Correct
Socrates Birth name
100%
Pachacuti Birth name
100%
Ferdinand [Magellan] Birth name
100%
Ashoka Birth name
100%
Hokusai Birth name
100%
Friedrich [Nietzsche] Birth name
100%
[Ronald] Reagan Birth name
100%
Tamer[lane] Nickname
100%
[Buzz] Aldrin Nickname
100%
Butch Cassidy Nickname
100%
[Mahatma] Gandhi Nickname
100%
Caligula Nickname
50%
Caravaggio Nickname
0%
[Nelson] Mandela Nickname
0%
Kǒng [Fūzǐ] (Confucius) Nickname
0%
No matching quizzes found
Score Distribution
Percent of People with Each Score
Percentile by Number Answered
Your Score History
You have not taken this quiz